00561nam a2200157Ia 4500008004100000020001800041082001800059100002400077245007200101260003500173300001100208500001000219650006200229952009500291999001700386120629s9999 xx 000 0 und d a968-6664-81-9 a610.972 P438p aPérez Tamayo, Ruy aPalabras académicas : conferencias 1984-1993 / Ruy Pérez Tamayo aMéxico : El Colegio Nacional a776 p. aNotas a1. MEDICINA-MEXICO-ENSAYOS \ 2. CIENCIA-MEXICO-ENSAYOSÌ 00104070a15b15d2010-07-23l0o610.972 P438Pp15 003619r2017-12-07t1w2012-06-28yLB c77226d77226